| 000 | 00344nam a2200145 a 4500 | ||
|---|---|---|---|
| 001 | 2421 | ||
| 003 | CDMR | ||
| 005 | 20130116135229.0 | ||
| 008 | 130130s1998||||||||||||||||||||||||||||d | ||
| 040 |
_aCDMR _bcat _cCPC GIRONA |
||
| 100 | 1 |
_aCebrián, Juan Luís _91683 |
|
| 245 | 1 | 3 |
_aLa xarxa _cCebrián, Juan Luís |
| 260 |
_c1998 _bProa |
||
| 942 | _cMON | ||
| 999 |
_c2421 _d2421 |
||